La ilusión vital

Zapisane w:
Opis bibliograficzny
1. autor: Baudrillard, Jean (autor)
Format: Książka
Język:hiszpański
Wydane: Madrid Siglo XXI 2002
Seria:Teoría
Hasła przedmiotowe:
Etykiety: Dodaj etykietę
Nie ma etykietki, Dołącz pierwszą etykiete!

MARC

LEADER 00000nam a2200000 a 4500
001 UCM8340
003 CL-VaPUC
008 030307e20020000SP |||||||||||||||||spa|d
020 |a 8432310840 
082 0 4 |a 176  |b BAU  |2 21 
100 |a Baudrillard, Jean  |e autor  |9 474347 
245 1 3 |a La ilusión vital 
300 |a 86 p 
942 |c BK 
945 |d 20030307 00:00:00  |a cmena 
260 |a Madrid  |b Siglo XXI  |c 2002 
650 0 |a Clonación  |9 395294 
650 0 |a Ética médica  |9 312024 
650 0 |a Antropología social  |9 306264 
650 7 |a INMORTALIDAD  |2 CL-VaPUC  |9 320467 
583 |a last modification  |c 20030307 00:00:00  |k Rodrigo Vera 
490 0 |a Teoría 
999 |c 302876  |d 302874 
952 |0 0  |1 0  |4 0  |6 176_000000000000000_BAU_2002  |7 0  |8 A  |9 363678  |a FDOPOS  |b FDOPOS  |d 2019-11-21  |i 3844234  |o 176 BAU 2002  |p 3844234  |r 2025-01-22  |w 2019-11-21  |y BK  |k MLH 
952 |0 0  |1 0  |4 0  |6 176_000000000000000_BAU_2002  |7 0  |8 A  |9 363679  |a BIBART  |b BIBART  |d 2019-11-21  |i 4418220  |o 176 BAU 2002  |p 4418220  |r 2025-03-13  |w 2019-11-21  |y BK  |k ART